| 000 -LEADER |
| fixed length control field |
01524cam a2200349 i 4500 |
| 001 - CONTROL NUMBER |
| control field |
4125138 |
| 005 - DATE AND TIME OF LATEST TRANSACTION |
| control field |
20170117141420.0 |
| 008 - FIXED-LENGTH DATA ELEMENTS--GENERAL INFORMATION |
| fixed length control field |
760618s1977 vaua c 001 0deng |
| 010 ## - LIBRARY OF CONGRESS CONTROL NUMBER |
| LC control number |
76021073 |
| 020 ## - INTERNATIONAL STANDARD BOOK NUMBER |
| International Standard Book Number |
0813906326 |
| 043 ## - GEOGRAPHIC AREA CODE |
| Geographic area code |
n-us--- |
| 050 00 - LIBRARY OF CONGRESS CALL NUMBER |
| Classification number |
NC910.5.E3A4 1977 |
| 100 1# - MAIN ENTRY--PERSONAL NAME |
| Personal name |
Edouart, Augustin-Amant-Constant-Fidèle, |
| Dates associated with a name |
1789-1861. |
| 240 10 - UNIFORM TITLE |
| Uniform title |
<a href="Silhouettes of eminent Americans, 1839-1844">Silhouettes of eminent Americans, 1839-1844</a> |
| 245 10 - TITLE STATEMENT |
| Title |
Auguste Edouart's Silhouettes of eminent Americans, 1839-1844 / |
| Statement of responsibility, etc. |
Andrew Oliver. |
| 260 ## - PUBLICATION, DISTRIBUTION, ETC. (IMPRINT) |
| Place of publication, distribution, etc. |
Charlottesville : |
| Name of publisher, distributor, etc. |
Published for the National Portrait Gallery, Smithsonian Institution, by the University Press of Virginia, |
| Date of publication, distribution, etc. |
1977. |
| 300 ## - PHYSICAL DESCRIPTION |
| Extent |
xv, 553 p. : |
| Other physical details |
ill. ; |
| Dimensions |
31 cm. |
| 500 ## - GENERAL NOTE |
| General note |
"Catalogue of 3,800 American silhouettes by Edouart" by E. Jackson: p. 509-549. |
| 500 ## - GENERAL NOTE |
| General note |
Includes index. |
| 600 10 - SUBJECT ADDED ENTRY--PERSONAL NAME |
| Personal name |
Edouart, Augustin-Amant-Constant-Fidèle, |
| Dates associated with a name |
1789-1861 |
| Form subdivision |
Catalogs. |
| 650 #0 - SUBJECT ADDED ENTRY--TOPICAL TERM |
| Topical term or geographic name as entry element |
Silhouettes |
| Geographic subdivision |
United States |
| Form subdivision |
Catalogs. |
| 651 #0 - SUBJECT ADDED ENTRY--GEOGRAPHIC NAME |
| Geographic name |
United States |
| General subdivision |
Biography |
| -- |
Portraits |
| Form subdivision |
Catalogs. |
| 700 1# - ADDED ENTRY--PERSONAL NAME |
| Personal name |
Oliver, Andrew, |
| Dates associated with a name |
1906-1981. |
| 700 12 - ADDED ENTRY--PERSONAL NAME |
| Personal name |
Jackson, Emily, |
| Dates associated with a name |
1861- |
| Title of a work |
Catalogue of 3,800 named and dated American silhouette portraits by August Edouart, 1789-1861. |
| Date of a work |
1976. |
| 740 0# - ADDED ENTRY--UNCONTROLLED RELATED/ANALYTICAL TITLE |
| Uncontrolled related/analytical title |
Silhouettes of eminent Americans, 1839-1844. |
| 942 ## - ADDED ENTRY ELEMENTS (KOHA) |
| Source of classification or shelving scheme |
|
| Koha item type |
Hard Covered Materials |
| Classification part |
NC910.5.E3A4 1977 |